000 00419nam a2200145Ia 4500
005 20250508155923.0
008 008 250505s9999 xx 000 0 eng d
037 _aBooks to be hide in OPAC
040 _aFEDL
_beng
_cFEDL
041 _aeng
_2eng
084 _a378.547, LAH/O
_qFEDL
245 0 _aAitchison college, annual report, 1909-1910
942 _cHB
_h378.547, LAH/O
999 _c1360091
_d1360091